Statistics for Acura Cars by Picture

Click here to take the quiz!

General Stats

  • This quiz has been taken 132 times
  • The average score is 5 of 7

Answer Stats

Answer% Correct
Acura {NSX}
91%
Acura {MDX}
76%
Acura {RDX}
74%
Acura {TLX}
63%
Acura {ILX}
60%
Acura {RLX}
46%
Acura {CDX}
41%

Score Distribution

Percentile by Number Answered

Percent of People with Each Score

Your Score History

You have not taken this quiz